000 00434nam a2200169Ia 4500
008 090711s9999 xx 000 0 und d
082 _b64338
100 _aपंडित नलिनी
245 _aगांधी
260 _c1983
300 _a272
600 _aपंडित नलिनी
630 _aगांधी
700 _aपंडित नलिनी
730 _aगांधी
942 _cBOOK
999 _c333027
_d333027